Vida de fray Toribio de Motolinía /
Biografía del franciscano Toribio de Paredes (o de Benavente) Motolinía, quien realizó una gran labor de evangelización en América, principalmente en defensa de los indígenas, y escribió varias obras históricas, como ejemplifica su "Historia de los indios en la Nueva España". Una segunda edición de...
Guardado en:
| Hovedforfatter: | |
|---|---|
| Format: | Bog |
| Sprog: | spansk |
| Udgivet: |
México :
Porrúa,
1944, c1944
|
| Serier: | (Escritores Mexicanos ;
4) |
| Fag: | |
| Tags: |
Ingen Tags, Vær først til at tagge denne postø!
|
MARC
| LEADER | 00000nam^a2200000^a^4500 | ||
|---|---|---|---|
| 001 | 000094347 | ||
| 005 | 20250521000000.0 | ||
| 009 | 20260526121642.589 | ||
| 037 | |a Acervo ITESO - Biblioteca | ||
| 041 | |a ESP | ||
| 082 | |a 972. 03 |b RAM | ||
| 100 | |a Ramírez, José Fernando |e (autor) | ||
| 240 | 1 | 1 | |a [Vida de fray Toribio de Motolinía] |
| 245 | 1 | 0 | |a Vida de fray Toribio de Motolinía / |c J.F. Ramírez. |
| 264 | 4 | |a México : |b Porrúa, |c 1944, c1944 | |
| 300 | |a 205 p. | ||
| 336 | |a texto |b txt |2 rdacontenido | ||
| 337 | |a sin mediación |b n |2 rdamedio | ||
| 338 | |a volumen |b nc |2 rdasoporte | ||
| 440 | 1 | |a (Escritores Mexicanos ; |v 4) | |
| 520 | |a Biografía del franciscano Toribio de Paredes (o de Benavente) Motolinía, quien realizó una gran labor de evangelización en América, principalmente en defensa de los indígenas, y escribió varias obras históricas, como ejemplifica su "Historia de los indios en la Nueva España". Una segunda edición de la obra, dentro de la misma colección de "Escritores Mexicanos", fue ampliada con otros estudios que el autor dedicó a a emperadores aztecas y a otros personajes del período colonial de la historia de_México. | ||
| 649 | |a XX | ||
| 650 | |a Franciscanos - |x Biografías | ||
| 650 | |a Evangelizadores Españoles - |x Biografías | ||
| 650 | |a Historiadores Españoles - |x Biografías | ||
| 650 | |a Evangelización - |z México - |x Historia | ||
| 650 | |a Franciscanos en México - |x Historia | ||
| 650 | |a Monasticismo y Ordenes Religiosas - |z México - |x Historia | ||
| 650 | |a Iglesia Católica en México - |x Historia | ||
| 650 | |a México - |x Historia - |y Epoca Colonial, 1517-1821 | ||
| 600 | |a Benavente, Toribio de, |c Fray | ||
| 910 | |a Fondo Jesús Rodríguez | ||
| 920 | |a Impresos - Libros | ||
| 930 | |a Fondos Especiales | ||
| 905 | |a 113 | ||
| 901 | |a 0500039629 |b IT2 |c ESP |u 20250521 | ||
| 902 | |a https://opac.biblio.iteso.mx/vufind/Record/000094347 | ||